Estatísticas para Rússia

Clique aqui para jogar o quiz

Estatísticas Gerais

  • Esse quiz foi jogado 47 vezes
  • A pontuação média é 9 de 15

Estatísticas das Respostas

HintResposta% Correto
Qual é a sua capital?Moscovo
100%
Onde fica?Europa
97%
Qual é o seu código ISO?RUS
97%
Qual é o seu idioma?Russo
97%
Que país a Rússia invadiu em fevereiro deste ano?Ucrânia
89%
Quem é o presidente do país?Putin
81%
Qual é a sua bebida típica?Vodka
78%
Qual é a sua moeda?Rublo
76%
Qual é o desporto mais popular?Futebol
70%
Qual é a sua segunda maior cidade?São Petersburgo
51%
Qual é o brinquedo tradicional do país?Matriosca
19%
Qual é o seu prato típico?Estrogonofe
16%
Qual é a sua religião?Ortodoxa russa
16%
Qual é o seu ponto mais alto?Monte Elbrus
14%
Qual é o monumento mais visitado do país?Catedral de São Basílio
8%

Distribuição das Pontuações

Percentil de Números Respondidos

Porcentagem de Pessoas com Cada Pontuação

Sua Pontuação Histórica

Você não jogou esse quiz